LEADER 01216nam0 22002771i 450 001 RML0243823 005 20231121125707.0 100 $a20121121d1993 ||||0itac50 ba 101 | $aeng 102 $ade 181 1$6z01$ai $bxxxe 182 1$6z01$an 200 1 $a˜The œReign of Augustus in Egypt$eConversion Tables for the Egyptian and Julian Calendars, 30 B.C.-14 A.D.$fby Theodore Cressy Skeat 210 $aMünchen $cBeck $d1993 215 $a44 p.$cill.$d24 cm 225 | $aMünchener Beiträge zur Papyrusforschung und Antiken Rechtsgeschichte. - München $eBeck 410 0$1001RML0331356$12001 $aMünchener Beiträge zur Papyrusforschung und Antiken Rechtsgeschichte. - München $eBeck 700 1$aSkeat$b, Theodore Cressy$3RMLV146393$0204498 801 3$aIT$bIT-01$c20121121 850 $aIT-FR0017 899 $aBiblioteca umanistica Giorgio Aprea$bFR0017 912 $aRML0243823 950 0$aBiblioteca umanistica Giorgio Aprea$d 52CIS S.Sij.E5.Munch.Beitr.84$e 52VM 0000136315 VM barcode:000000915-10. - Inventario:807 Sijp.VM$fA $h19600101$i20121204 977 $a 52 996 $aReign of Augustus in Egypt$9225705 997 $aUNICAS LEADER 01677nam 2200421Ka 450 001 9910696898203321 005 20240812223921.0 035 $a(CKB)5470000002381895 035 $a(OCoLC)234309438 035 $a(EXLCZ)995470000002381895 100 $a20080721d2007 ua 0 101 0 $aeng 181 $ctxt$2rdacontent 182 $cc$2rdamedia 183 $acr$2rdacarrier 200 10$aWireless network security for IEEE 802.11a/b/g and Bluetooth $erecommendation of the National Institute of Standards and Technology /$fKaren Scarfone, Derrick Dicoi 205 $aRevision 1., Draft. 210 1$aGaithersburg, MD :$cU.S. Dept. of Commerce, Technology Administration, National Institute of Standards and Technology,$d[2007] 215 $a96 unnumbered pages $cdigital, PDF file 225 1 $aNIST special publication ;$v800-48.$aComputer security 300 $aTitle from title screen (viewed on July 17, 2008). 300 $a"August 2007." 517 $aWireless network security for IEEE 802.11a/b/g and Bluetooth 606 $aWireless communication systems$xSecurity measures$xStandards$zUnited States 606 $aIEEE 802.11 (Standard) 606 $aBluetooth technology 615 0$aWireless communication systems$xSecurity measures$xStandards 615 0$aIEEE 802.11 (Standard) 615 0$aBluetooth technology. 700 $aScarfone$b Karen$01764277 701 $aDicoi$b Derrick$01400795 712 02$aNational Institute of Standards and Technology (U.S.) 801 0$bGPO 801 1$bGPO 906 $aBOOK 912 $a9910696898203321 996 $aWireless network security for IEEE 802.11a$94205927 997 $aUNINA